New business website launched (Record no. 73810)

MARC details
000 -LEADER
fixed length control field 00895cam a2200181 4500
001 - CONTROL NUMBER
control field WB3944-04
008 - FIXED-LENGTH DATA ELEMENTS--GENERAL INFORMATION
fixed length control field 031119n2003 000 0 eng u
035 ## - SYSTEM CONTROL NUMBER
System control number (Sirsi) u124373
245 ## - TITLE STATEMENT
Title New business website launched
260 ## - PUBLICATION, DISTRIBUTION, ETC.
Date of publication, distribution, etc. 2003
490 ## - SERIES STATEMENT
Series statement DTI Press Release
Volume/sequential designation (P/2003/568) 17 November 2003 (2)
520 ## - SUMMARY, ETC.
Summary, etc. The DTI has launched a website that provides a single access point to all relevant government information and services for business. The site will carry rules and regulations, available government services, information on grants and support schemes and guidance on employment law and tax. The site is available at http://www.businesslink.gov.uk. http://www.wired-gov.net/EDP8203R7W/WGArticle.asp?WCI=htmArticleView&WCU=ARTCL%5FPKEY%3D20977
590 ## - LOCAL NOTE (RLIN)
Local note WB
650 ## - SUBJECT ADDED ENTRY--TOPICAL TERM
Topical term or geographic name entry element WEBSITES
650 ## - SUBJECT ADDED ENTRY--TOPICAL TERM
Topical term or geographic name entry element BUSINESS ADVICE
690 ## - LOCAL SUBJECT ADDED ENTRY--TOPICAL TERM (OCLC, RLIN)
Topical term or geographic name as entry element MANAGEMENT-BUSINESS MANAGEMENT
942 ## - ADDED ENTRY ELEMENTS (KOHA)
Suppress in OPAC 0
Holdings
Withdrawn status Lost status Source of classification or shelving scheme Damaged status Not for loan Home library Current library Shelving location Date acquired Total Checkouts Full call number Barcode Date last seen Copy number Price effective from Koha item type
    Dewey Decimal Classification     London London News article 19/11/2003   WB3944-04 124373-1001 06/08/2019 1 06/08/2019 News article